El artesano anónimo (Registro nro. 326276)

Detalles MARC
000 -ENCABEZADO
Número de control [NR] 01136nam a22002537a 4500
005 - FECHA Y HORA DE LA ÚLTIMA TRANSACCIÓN
control field 20260423090954.0
008 - DE LONGITUD FIJA DE DATOS DE ELEMENTOS - INFORMACIÓN GENERAL
Elementos de longitud fija [NR] 260422t2025 |||||||| |||| 00| 0 eng d
020 ## - NUMERO INTERNACIONAL NORMALIZADO PARA LIBROS [R]
Número Internacional Normalizado del libro [NR] 9788425236358
040 ## - FUENTE DE CATALOGACION [NR]
Agencia de catalogación original [NR] CO-BoUCM
Idioma de catalogación [NR] spa
Quien Cataloga Stefania Borbon
Quien Clasifica Stefania Borbon
041 ## - CODIGO DE IDIOMA [R]
Código de idioma para texto/pista de sonido o título separado [R] Inglés
100 #1 - ASIENTO PRINCIPAL--NOMBRE PERSONAL [NR]
Nombre personal [NR] Yanagi, Soetsu,
Fechas asociadas con el nombre [NR] 889-1961
ID Autoridad 188721
245 ## - MENCION DE TITULO [NR]
Título [NR] El artesano anónimo
Parte restante del título [NR] una visión japonesa de la belleza /
Mención de responsabilidad, etc. [NR] Soetsu Yanagi ; adaptación de Bernard Leach ; traducción de Álvaro Marcos.
260 ## - PUBLICACION, DISTRIBUCION, ETC. (PIE DE IMPRENTA) [R]
Lugar de publicación, distribución, etc. [R] Barcelona :
Nombre del editor, distribuidor, etc. [R] Editorial GG,
Fecha de publicación, distribución, etc. [R] 2025
300 ## - DESCRIPCION FISICA [R]
Extensión [R] 211 páginas :
Otros detalles físicos [NR] ilustraciones
520 ## - NOTA DE RESUMEN, ETC. [R]
Nota de sumario, etc. [NR] Ensayo sobre la estética japonesa y el movimiento Mingei, que reivindica la belleza de los objetos utilitarios creados por artesanos anónimos bajo una filosofía de sencillez y espiritualidad budista.
650 #7 - ASIENTO SECUNDARIO DE MATERIA - TERMINO TEMATICO [R]
Término temático o nombre geográfico como elemento de entrada [NR] Artesanía
Subdivisión geográfica [R] Japón
9 (RLIN) 104342
650 #7 - ASIENTO SECUNDARIO DE MATERIA - TERMINO TEMATICO [R]
Término temático o nombre geográfico como elemento de entrada [NR] Estética japonesa
9 (RLIN) 188722
650 #7 - ASIENTO SECUNDARIO DE MATERIA - TERMINO TEMATICO [R]
Término temático o nombre geográfico como elemento de entrada [NR] Arte y sociedad
Subdivisión geográfica [R] Japón
9 (RLIN) 188723
700 #1 - ASIENTO SECUNDARIO - NOMBRE PERSONAL [R]
Nombre personal [NR] Leach, Bernard,
9 (RLIN) 188724
700 #1 - ASIENTO SECUNDARIO - NOMBRE PERSONAL [R]
Nombre personal [NR] Marcos, Álvaro,
Término de relación [R] traductor
9 (RLIN) 104343
765 ## - ASIENTO DE IDIOMA ORIGINAL [R]
Título [NR] The Unknown Craftsman
942 ## - ELEMENTOS DE ENTRADA AGREGADOS (KOHA)
Sistema de clasificación DEWEY
Tema principal Arte
Tipo de ítem principal el descrito en 300a Libro
Edición 1
Clasificación 745.0952
Parte restante de la signatura top. Y21
Existencias
Total préstamos Signatura topográfica Código de barras Última vez visto Ejemplar Price effective from Tipo de ítem Perdido Sistema de clasificación Dañado No prestable Tipo de ítem específico Suprimido Ubicación habitual Ubicación actual Localización Fecha de creación Forma de adquisición Costo
  745.0952 Y21 100175146 23/04/2026 Ej.1 22/04/2026 Libro   DEWEY     Libro   Claustro Claustro 2do piso 22/04/2026 Compra 168600.00